<?xml version="1.0" encoding="UTF-8"?>
<record
    xmlns:xsi="http://www.w3.org/2001/XMLSchema-instance"
    xsi:schemaLocation="http://www.loc.gov/MARC21/slim http://www.loc.gov/standards/marcxml/schema/MARC21slim.xsd"
    xmlns="http://www.loc.gov/MARC21/slim">

  <leader>01157nam a2200241 a 4500</leader>
  <controlfield tag="003">DO-SdBNP</controlfield>
  <controlfield tag="005">20240412074310.0</controlfield>
  <controlfield tag="007">ta</controlfield>
  <controlfield tag="008">220701e2006    dr ||||er|||| 001 j spa d</controlfield>
  <datafield tag="020" ind1=" " ind2=" ">
    <subfield code="a">9993358104</subfield>
  </datafield>
  <datafield tag="040" ind1=" " ind2=" ">
    <subfield code="a">DO-SdBNP</subfield>
    <subfield code="b">spa</subfield>
    <subfield code="c">BNPHU</subfield>
  </datafield>
  <datafield tag="082" ind1=" " ind2="4">
    <subfield code="2">22</subfield>
    <subfield code="b">G216j</subfield>
  </datafield>
  <datafield tag="100" ind1="1" ind2=" ">
    <subfield code="a">Garc&#xED;a, Jos&#xE9; Enrique,</subfield>
    <subfield code="d">1948-</subfield>
    <subfield code="9">22487</subfield>
  </datafield>
  <datafield tag="245" ind1=" " ind2=" ">
    <subfield code="a">Juego de villanos:</subfield>
    <subfield code="b">cuentos. /</subfield>
    <subfield code="c">Jos&#xE9; Enrique Garc&#xED;a</subfield>
  </datafield>
  <datafield tag="260" ind1=" " ind2=" ">
    <subfield code="a">Santo Domingo :</subfield>
    <subfield code="b">Centenario,</subfield>
    <subfield code="c">2006</subfield>
  </datafield>
  <datafield tag="300" ind1=" " ind2=" ">
    <subfield code="a">173 p. ;</subfield>
    <subfield code="c">22 cm.</subfield>
  </datafield>
  <datafield tag="500" ind1=" " ind2=" ">
    <subfield code="a">Incluye datos biogr&#xE1;ficos del autor en la solapas de las cubiertas.</subfield>
  </datafield>
  <datafield tag="505" ind1="0" ind2=" ">
    <subfield code="t">Estos Cuentos.--</subfield>
    <subfield code="t">Cenizas de Cuaresma.--</subfield>
    <subfield code="t">Emeterio Santo.--</subfield>
    <subfield code="t">Pesadilla del amanuence.--</subfield>
    <subfield code="t">Nacer nom&#xE1;s.--</subfield>
    <subfield code="t">La otra.--</subfield>
    <subfield code="t">Una historia, La Otra.--</subfield>
    <subfield code="t">Dos hombres.--</subfield>
    <subfield code="t">Bailarina de la noche.--         </subfield>
    <subfield code="t">Una Historia.--</subfield>
    <subfield code="t">El se&#xF1;or Inoa.--</subfield>
    <subfield code="t">El Hoyo.--</subfield>
    <subfield code="t">Ya no llueve los Lunes.--</subfield>
    <subfield code="t">Oficio de ocioso.--</subfield>
    <subfield code="t">Juegos de villanos.--</subfield>
    <subfield code="t">Historia Deprisa.--</subfield>
    <subfield code="t">Humo de carne.--</subfield>
    <subfield code="t">Compa&#xF1;&#xED;a.--</subfield>
    <subfield code="t">Sacrificio de las Cenizas.--</subfield>
    <subfield code="t">Conrado.-</subfield>
    <subfield code="t">Los a&#xF1;os muertos.</subfield>
  </datafield>
  <datafield tag="650" ind1=" " ind2="0">
    <subfield code="a">Literatura dominicana.</subfield>
    <subfield code="z">Rep&#xFA;blica Dominicana</subfield>
    <subfield code="9">67</subfield>
  </datafield>
  <datafield tag="650" ind1=" " ind2="4">
    <subfield code="9">79735</subfield>
    <subfield code="a">Cuentos dominicano</subfield>
  </datafield>
  <datafield tag="910" ind1=" " ind2=" ">
    <subfield code="a">MFeliz</subfield>
  </datafield>
  <datafield tag="942" ind1=" " ind2=" ">
    <subfield code="2">ddc</subfield>
    <subfield code="c">LBS1</subfield>
  </datafield>
  <datafield tag="952" ind1=" " ind2=" ">
    <subfield code="0">0</subfield>
    <subfield code="1">0</subfield>
    <subfield code="2">ddc</subfield>
    <subfield code="5">1</subfield>
    <subfield code="7">0</subfield>
    <subfield code="8">PD</subfield>
    <subfield code="a">BNPHU</subfield>
    <subfield code="b">BNPHU</subfield>
    <subfield code="c">CT</subfield>
    <subfield code="d">2018-07-01</subfield>
    <subfield code="e">Donado por CERTV</subfield>
    <subfield code="o">G216j</subfield>
    <subfield code="p">2022-3270</subfield>
    <subfield code="r">2022-07-01</subfield>
    <subfield code="w">2022-07-01</subfield>
    <subfield code="y">LBS1</subfield>
    <subfield code="z">Ejemplar autografiado</subfield>
  </datafield>
  <datafield tag="999" ind1=" " ind2=" ">
    <subfield code="c">52128</subfield>
    <subfield code="d">52128</subfield>
  </datafield>
</record>
